Tiếng Việt 4 Sách giáo viên T.1

保存先:
書誌詳細
第一著者: Nguyễn, Minh Thuyết
その他の著者: Hoàng, Hòa Bình
フォーマット: 図書
言語:Undetermined
出版事項: H. Giáo dục 2008
主題:
オンライン・アクセス:http://lrc.tdmu.edu.vn/opac/search/detail.asp?aID=2&ID=4548
タグ: タグ追加
タグなし, このレコードへの初めてのタグを付けませんか!
Thư viện lưu trữ: Trung tâm Học liệu Trường Đại học Thủ Dầu Một
LEADER 00729nam a2200229Ia 4500
001 TDMU_4548
008 210410s9999 xx 000 0 und d
082 |a 495.922072 
090 |b NG525 
100 |a Nguyễn, Minh Thuyết 
245 0 |a Tiếng Việt 4 
245 0 |b Sách giáo viên 
245 0 |c Nguyễn Minh Thuyết 
245 0 |n T.1 
260 |a H. 
260 |b Giáo dục 
260 |c 2008 
300 |a 368tr 
650 |a Tiếng Việt  |x Giảng dạy và học tập ; Sách giáo viên lớp 4 
700 |a Hoàng, Hòa Bình 
856 |u http://lrc.tdmu.edu.vn/opac/search/detail.asp?aID=2&ID=4548 
980 |a Trung tâm Học liệu Trường Đại học Thủ Dầu Một